MDQL
is popping MORE tags! Check the
thread
!
Quizzes
Events
Quiz Creation
Community
Videos
Private Events
Remove Ads
Sign In
Join for FREE
Feedback
Dark Mode
Quiz Categories
Sports
Geography
Music
Movies
Television
Just For Fun
Miscellaneous
History
Literature
Language
Science
Gaming
Entertainment
Religion
Holiday
For Kids
Quiz Lab
Recent
Popular Today
Quiz Kudos Today
Editor Picks
Curator Picks
Quizzes by...
Day
Popularity
Type
Ratings
Length
Year
Community
Subscriptions
Recent Discussions
Orange Saloon
Badges
Playlists
Quests
Create
Leaderboards
Showdown
Live 5
Trivia Bingo
Activity
Puzzle Library
Sporcle Events
Private Events
Virtual Trivia
Globe League
Become a Host
Pub Owners
SporcleCon
Opinionation
Our Games
Videos
Blog
Mobile Apps
Partnerships
Remove Ads and Go Orange
Feedback
Geography
Country
Landmarks
City
State
Population
World
Capital
Continent
Flags
Europe
Africa
Asia
South America
North America
Oceania
Border
Canada
United Kingdom
Topography
United States
Geography
Country
Landmarks
City
State
Population
World
Capital
Continent
Flags
Europe
Africa
Asia
South America
North America
Oceania
Border
Canada
United Kingdom
Topography
United States
Random Quiz
Search Sporcle
×
Quiz Lab
Quiz Lab
Geography
Country
Type in answers that appear in a list
Type in answers that appear in a list
Classic
Best Score? Go Orange.
African countries north to south Stats
Can you name the African countries north to south?
By
Patrais
17m
53 Questions
1,305 Plays
1,305 Plays
1,305 Plays
Comments
Comments
Give Quiz Kudos
Give Quiz Kudos
-
- Ratings
hide this ad
More Info
Forced Order
Answers have to be entered in order
Answers have to be entered in order
Replay
Link that replays current quiz
Next Quiz
Link to next quiz in quiz playlist
You Got
0%
They Got
Avg Score
76%
Avg Friend Score
Upgrade to see
Score Distribution
Jump to the score distribution portion of the page
Score
0/53
Timer
17:00
0
Plays Today
Rank
Country
% Correct
1
Tunisia
99.5%
2
Algeria
98.3%
3
Morocco
98.1%
5
Egypt
97.5%
4
Libya
97.4%
6
Mauritania
92%
7
Mali
91.9%
10
Sudan
89.3%
9
Chad
89.3%
8
Niger
89.3%
11
Eritrea
87.1%
13
Senegal
80.8%
14
Burkina Faso
78.5%
15
Ethiopia
78.5%
12
Cape Verde
78.1%
16
Nigeria
78.1%
17
The Gambia
77%
51
South Africa
76.2%
53
Lesotho
75.4%
=21
Guinea/Guinea Bissau
74.6%
20
Djibouti
74.5%
18
Cameroon
74.1%
22
Benin
73.9%
52
Swaziland
73.8%
25
Togo
73.8%
24
Ghana
73.4%
23
Somalia
73%
Rank
Country
% Correct
50
Botswana
72.9%
26
Central African Republic
72.8%
49
Namibia
72.4%
30
Kenya
72%
48
Zimbabwe
72%
31
Democratic Republic of the Congo
71.7%
32
Uganda
71.6%
19
South Sudan
71.5%
29
Liberia
71.1%
42
Zambia
71.1%
27
Ivory Coast
71%
28
Sierra Leone
70.9%
41
Angola
70.9%
38
Rwanda
70.8%
47
Madagascar
70.7%
43
Malawi
70.5%
35
Gabon
70.4%
34
Republic of the Congo
70.2%
39
Burundi
70.1%
45
Mozambique
70%
37
Tanzania
69.9%
33
Equatorial Guinea
69.5%
40
Seychelles
68.4%
46
Comoros
68.1%
44
Mauritius
68%
36
Sao Tome and Principe
67.6%
Quiz Playlist
Details
Report
Send in Message
Add To Playlist
More Info:
Based on the latitude of the northernmost point of each nation. Only countries on the countries of Africa quiz are included.
Classic:
Type in answers that appear in a list
Forced Order:
Answers have to be entered in order
Quiz Source
Last Updated: Feb 16, 2017
Quiz Scoreboard
CHALLENGE
Sign Up to Join the Scoreboard
Show All
Scores
Hide
Comments
May contain spoilers
Recently Published
Colored Red Africa Blitz
by spor1
Geography
30s
Find the 'City' Movie
by crazypaving
Movies
60s
5x2 Blitz: Bands
by SL_Kpop136
Music
30s
More to Explore
Quiz From the Vault
Featured Blog Post
14 Easter Pick-up Lines to Find Eggs With
hide this ad
You Might Also Like...
Tags
Africa Quiz
Country Quiz
latitude
north
Northernmost
point
south
Today's Top Quizzes in Geography
Browse Geography
hide this ad
Today's Top Quizzes in Country
Browse Country
Top Contributed Quizzes in Geography
1
Countries of the World - No Outlines Minefield
2
Colored Red Europe Blitz I
3
Colored Red Africa Blitz II
4
Colored Red Europe Blitz II
5
Colored Red Africa Blitz III
6
Colored Red Europe Blitz III
7
Colored Red States Blitz I
8
African Flag Reveal XLVI
9
Colored Red States Blitz II
10
Colored Red States Blitz III
Explore More
Trending Topics
Disney
NBA
Crossword
Kpop
Marvel
Harry Potter
Anime
Country
Soccer
NFL
Song
Pokémon
The Office
Puzzle
WWE
hide this ad
More By:
Patrais
Quiz
Plays
Rating
Category
Featured
Created
African countries north to south
1,305
4.74
Geography
Apr 10, 2011
South American countires north to south
372
3.30
Geography
Apr 15, 2011
Go to Creator's Profile
Score Distribution
Quiz Creator Spotlight
Patrais
Follow
Send a Message
Quizzes Created
-
Created Quiz Play Count
-
More By This Creator
Popular Quizzes Today
1
Colored Red Africa Blitz
2
Find the 'City' Movie
3
5x2 Blitz: Bands
4
Find the US States - No Outlines Minefield
5
The Countries of the World
6
Find the US States
7
US States
8
Find the Countries of Europe - No Outlines Minefield
More Geography Quizzes
Border Chain Minefield II
Published
Trending Quizzes
Colored Red Europe Blitz I
Colored Red Europe Blitz II
Colored Red Africa Blitz II
Colored Red Europe Blitz III
Colored Red Africa Blitz III
Recently Updated
How Do You Spell That?
pecheneg
Godzilla Movies
pecheneg
Grab Bag: 4-10 Letters
pecheneg
2024 March Madness Bracket
pecheneg
Famous TV Couples
Peacemaker
Champions League XIs: Real Madrid
pecheneg
Largest US Cities 1790-2010
pecheneg
Rides in Walt Disney World
pecheneg
Most Oscar Losses (Acting)
pecheneg
Beyoncé Albums
pecheneg
Trending Topics
Kpop
Harry Potter
Anime
Disney
Crossword
Marvel
NBA
Song
Country
Soccer
WWE
Pokémon
The Office
Puzzle
NFL
Your Account Isn't Verified!
In order to create a playlist on Sporcle, you need to verify the email address you used during registration. Go to your
Sporcle Settings
to finish the process.
Report this User
Report this user for behavior that violates our
Community Guidelines
.
Details:
Send Report
Go to the Sporcle.com Mobile Site →
Comments